00642 2200169 4500245008900000020002200089250001100111100001600122650001700138005001900155260004100174041001400215084001100229300002900240500019400269336000900463 aMenuju Mulia , Menuju Bahagia b : Seni dalam Memaknai KehidupancIu RuslianahText a978-623-00-4654-4 aCet. 1 aIu Rusliana aAkhlak Mulia a20241016122816 aJakartabElex Media Komputindoc2023 aIndonesia a29 7.5 axxii, 210 hlm. :c21 cm. aBuku ini mengulas berbagai renungan kehidupan keseharian. Temanya relevan dan dapat menjadi referensi siapa saja. Isinya menguraikan masalah kehodupan dan solusinya dengan bahasa sederhana. atext